| 000 | 00815nam a2200193 i 4500 | ||
|---|---|---|---|
| 001 | 41779 | ||
| 003 | ES-MaACL | ||
| 005 | 20250902063053.0 | ||
| 007 | t| | ||
| 008 | 030311s1885 sp ||||1| spa d | ||
| 100 | 1 |
_aCastellarnau, Joaquín María de, _d1848-1943 _9143533 |
|
| 245 | 1 | 3 |
_aLa estación zoologica de Nápoles, y sus procedimientos para el exámen microscópico _b: memoria presentada al Ilmo. Sr. Director General de Agricultura, Industria y Comercio / _cpor Joaquín María de Castellarnau y de Lleopart. |
| 260 |
_aMadrid : _b[s.n.], _c1885 ( _fImp. del Colegio Nacional de Sordo-Mudos y de Ciegos) |
||
| 300 |
_aXIII, 207 p. ; _c25 cm. |
||
| 610 | 2 | 4 |
_aStazione zoologica di Napoli. _9165493 |
| 650 | 0 | 4 |
_aMicroscopía. _915032 |
| 852 |
_aES-MaACL _jT-379-F-3 |
||
| 999 |
_c41779 _d41779 |
||